000
00425nam a2200157Ia 4500
008
100204s9999 xx 000 0 und d
082
_b
28786
100
_a
घारे दीपक
245
_a
विचार क्षितिजे
250
_a
0
260
_c
2008
300
_a
160
630
_a
विचार क्षितिजे
730
_a
विचार क्षितिजे
942
_c
BOOK
999
_c
473968
_d
473965